Surimi technology

Uloženo v:
Podrobná bibliografie
Hlavní autoři: Lanier, Tyre C (Autor), Chong, M. Lee (Autor)
Médium: Kniha
Jazyk:angličtina
Vydáno: Nueva York Marcel Dekker 1992
Edice:Food Science and Technology, 50
Témata:
Tagy: Přidat tag
Žádné tagy, Buďte první, kdo vytvoří štítek k tomuto záznamu!

MARC

LEADER 00000nam a2200000 a 4500
001 UCV3814
003 CL-VaPUC
008 921112e19920000US |||||||||||||||||eng|d
082 0 4 |a 664.94  |b LAN  |2 21 
100 0 |a Lanier, Tyre C  |e author  |9 298185 
700 0 |a Chong, M. Lee  |e author  |9 298186 
245 1 0 |a Surimi technology 
300 |a 528 p 
942 |c BK 
945 |d 19921112 00:00:00 
260 |a Nueva York  |b Marcel Dekker  |c 1992 
650 0 |a Alimentos marinos   |9 259402 
650 7 |a SURIMI  |2 CL-VaPUC  |9 259871 
583 |a last modification  |c 19921112 00:00:00  |k Rodrigo Vera 
490 0 |a Food Science and Technology, 50 
999 |c 210938  |d 210936 
952 |0 0  |1 0  |4 0  |6 664_940000000000000_LAN_1992  |7 0  |8 A  |9 188028  |a BIBALI  |b BIBALI  |c RES  |d 2019-11-14  |i 2555050  |o 664.94 LAN 1992  |p 2555050  |r 2025-01-20  |w 2019-11-14  |y BK_R  |k ALI